00587nam a22001937a 450000500170000001000130001702000100003003500130004003700160005304000120006908200150008110000170009624501220011326000410023527000460027630000330032265000240035565000140037920170124110027.0 aA-782301 c00.00 aA-782301 bCen Lib/Ret aDPLbEN a613.2bTIW aTiwari, Maya aAyurveda a life of balance : cby MayaTiwaribthe complete guide to ayurvedic nutrition and body types with recipes / aU.S.AbInner Traditions India c1995 aOne Park Steert, Rochester, Vermont bUSA axiii,353p. :c28cm(Hb)bill. aMedicine, Ayurvedic aNutrition